• 首页
  • 本馆介绍
  • 公告通知
  • 最新文献
  • 馆藏检索
  • 电子资源
  • 读者荐购
  • 参考咨询
  • CALIS
  • 我的图书馆
  • 登录
  • 详细信息显示
  • 放入我的书架
  • 预约/预借图书
  • 作者相关作品
  • 分类相关作品
  • 丛书相关作品
  • 出版社相关作品

书目信息

  • 表格格式
  • 工作单格式
  • 卡片格式
题名:
中国文化要略
    
 
作者: 程裕祯 著
分册:  
出版信息: 北京   中华书局  2024.06
页数: 464页
开本: 23cm
丛书名:
单 册:
中图分类: K203
科图分类:
主题词: 中华文化
电子资源:
ISBN: 978-7-101-16619-4
 
 
 
 
 
000 00899nam0 2200241 450
001 012566848
005 20251022201149.37
010    @a978-7-101-16619-4@dCNY68.00
100    @a20240619d2024 em y0chiy0120 ea
101 0  @achi
102    @aCN@b110000
105    @aa z 000yy
106    @ar
200 1  @a中国文化要略@9zhong guo wen hua yao lve@f程裕祯著
210    @a北京@c中华书局@d2024.06
215    @a464页@c图@d23cm
330    @a本书以广博的视野、深厚的学养、深入浅出的笔触、生动流畅的语言,分专题介绍了中华优秀传统文化中的精华部分。问世以来广受好评,几经修订,不断吸收最新的学术研究和考古发掘成果,并融入作者的思考,以期更好地帮助读者了解中国文化,传播中国文化。
510 1  @aBrief introduction to Chinese culture@zeng
606 0  @a中华文化
690    @aK203@v5
701  0 @a程裕祯@9cheng yu zhen@f(1939-)@4著
801  0 @aCN@c20250910
905    @a河南城建学院图书馆@dK203@ZC789-2@f1
    
    中国文化要略/程裕祯著.-北京:中华书局,2024.06
    464页:图;23cm
    
    
    ISBN 978-7-101-16619-4:CNY68.00
    本书以广博的视野、深厚的学养、深入浅出的笔触、生动流畅的语言,分专题介绍了中华优秀传统文化中的精华部分。问世以来广受好评,几经修订,不断吸收最新的学术研究和考古发掘成果,并融入作者的思考,以期更好地帮助读者了解中国文化,传播中国文化。
●
相关链接 在E读中查询图书 在当当中查询图书 在豆瓣中查询图书


正题名:中国文化要略     索取号:K203         预约/预借

序号 登录号 条形码 馆藏地/架位号 状态 备注
1 1634407   216344070   社科库309/309社科库 105排6列2层/ [索取号:K203/] 在馆    
河南城建学院图书馆 欢迎您!
大连网信软件有限公司© 版权所有